Migration and Settlement of the tribes (Record no. 1680291)

MARC details
000 -LEADER
fixed length control field 00271 a2200109 4500
000 - LEADER
fixed length control field nam a22 7a 4500
005 - DATE AND TIME OF LATEST TRANSACTION
control field 20260226152458.0
100 ## - MAIN ENTRY--PERSONAL NAME
Personal name Kaisii, Athikho
9 (RLIN) 1116788
245 ## - TITLE STATEMENT
Title Migration and Settlement of the tribes
260 ## - PUBLICATION, DISTRIBUTION, ETC.
Name of publisher, distributor, etc. Rawat
Date of publication, distribution, etc. 2026
942 ## - ADDED ENTRY ELEMENTS (KOHA)
Koha item type Textual
Holdings
Withdrawn status Lost status Source of classification or shelving scheme Damaged status Not for loan Home library Current library Date acquired Source of acquisition Cost, normal purchase price Total Checkouts Date last seen Cost, replacement price Price effective from Koha item type
    Colon Classification (CC)     Central Science Library Central Science Library 2026-04-08 113 1196.00   2026-04-08 1495.00 2026-04-08 Textual
Copyright @ Delhi University Library System